<?xml version="1.0" encoding="UTF-8"?>
<marc:record xmlns:marc="http://www.loc.gov/MARC21/slim">
   <marc:leader>00000nam a2200000 a 4500</marc:leader>
   <marc:datafield ind1="1" ind2=" " tag="100">
      <marc:subfield code="a">Szillat, Antje</marc:subfield>
      <marc:subfield code="4">aut</marc:subfield>
      <marc:subfield code="e">Verfasser/-in</marc:subfield>
   </marc:datafield>
   <marc:datafield ind1="0" ind2="0" tag="245">
      <marc:subfield code="a">Fili heißt beste Freundin</marc:subfield>
   </marc:datafield>
   <marc:datafield ind1="0" ind2="0" tag="245">
      <marc:subfield code="c">Antje Szillat. Zeichn. von Martina Badstuber</marc:subfield>
   </marc:datafield>
   <marc:datafield ind1=" " ind2="1" tag="264">
      <marc:subfield code="a">München</marc:subfield>
      <marc:subfield code="b">cbj</marc:subfield>
      <marc:subfield code="c">2015</marc:subfield>
   </marc:datafield>
   <marc:datafield ind1="1" ind2=" " tag="490">
      <marc:subfield code="a">Lila Zeiten</marc:subfield>
   </marc:datafield>
   <marc:datafield ind1="1" ind2=" " tag="520">
      <marc:subfield code="a">Angaben aus der Verlagsmeldung

Lila Zeiten - Fili heißt beste Freundin / von Antje Szillat

Frisch, fröhlich, frech

Hilfe! Nicht genug, dass Lilas zerstreuter Professoren-Papa die Familie urplötzlich aus ihrer gemütlichen Villa in ein hippes Loft nach Berlin-Kreuzberg verpflanzt. Nein, Lila muss sich dort zu allem Überfluss mit dem nervigen Nachbars-Söhnchen, dem mega-arroganten Schönling Philipp, herumärgern. Als hätte Lila nicht schon genug Zickenkrieg mit ihrer Teenager-Schwester Anna. Umso schmerzlicher vermisst sie ihre allerbeste Freundin Helene. Doch die hat Lila anscheinend aus ihrem Leben gestrichen. Und eine neue ABF ist weit und breit nicht in Sicht. Oder schaut Lila einfach nur in die falsche Richtung?

</marc:subfield>
   </marc:datafield>
   <marc:datafield ind1=" " ind2=" " tag="020">
      <marc:subfield code="a">9783570158746</marc:subfield>
      <marc:subfield code="9">9783570158746</marc:subfield>
   </marc:datafield>
   <marc:datafield ind1=" " ind2=" " tag="020">
      <marc:subfield code="a">3570158748</marc:subfield>
      <marc:subfield code="9">3570158748</marc:subfield>
   </marc:datafield>
   <marc:datafield ind1=" " ind2=" " tag="041">
      <marc:subfield code="a">ger</marc:subfield>
   </marc:datafield>
   <marc:datafield ind1=" " ind2=" " tag="300">
      <marc:subfield code="a">201 S.</marc:subfield>
   </marc:datafield>
</marc:record>
